000 00350nam a2200145 4500
008 190605s1981||||xo d
245 1 0 _aŽIak vo veku od 10 - 16 rokov
_bPribehy z divokeho zapadu
260 _bSPN
_aBratislava
_c1981
041 1 _aslo
044 _axo
_cSK
300 _a228 s.
250 _a1. vydanie
020 _c0
958 _aA
999 _c22518
_d22518